Loading...
| History - World History | 1 | 4 | 0 | 3 | 55 | 50 | 104.00 | 0 | 3 |
| Current Events | 1 | 1 | 0 | 0 | 25 | 22 | 48.00 | 1 | 2 |
| Social Science | 1 | 1 | 0 | 0 | 25 | 48 | 81.00 | 0 | 2 |
| History - Other History | 0 | 2 | 0 | 1 | 20 | 84 | 107.00 | 1 | 2 |
| Fine Arts - Auditory Fine Arts | 0 | 2 | 0 | 2 | 20 | 104 | 118.00 | 0 | 1 |
| History - European History | 0 | 2 | 0 | 1 | 20 | 83 | 106.00 | 0 | 1 |
| Philosophy | 0 | 1 | 0 | 0 | 10 | 117 | 117.00 | 0 | 1 |
| History - American History | 0 | 1 | 0 | 1 | 10 | 144 | 144.00 | 0 | 0 |
| Fine Arts - Other Fine Arts | 0 | 1 | 0 | 1 | 10 | 118 | 118.00 | 0 | 0 |
| Literature - American Literature | 0 | 1 | 0 | 0 | 10 | 88 | 88.00 | 0 | 1 |
| Literature - British Literature | 0 | 1 | 0 | 1 | 10 | 129 | 129.00 | 0 | 0 |